| 000 | 00579nam a2200169Ia 4500 | ||
|---|---|---|---|
| 008 | 090201s9999 xx 000 0 und d | ||
| 010 | _aKPL-65866 | ||
| 040 | _bमराठी | ||
| 041 | _aमराठी | ||
| 082 |
_a2395 _b65866 |
||
| 100 | _aध रा गाला | ||
| 245 |
_aरसाहार करा निरोगी राहा _cध रा गाला |
||
| 260 |
_c2004 _bजे एस् गाला प्रकाशन |
||
| 300 |
_a175 _bमध्यम |
||
| 600 | _aरसाहार करा निरोगी राहा | ||
| 942 | _cBOOK | ||
| 999 |
_c203486 _d203486 |
||